000 00680nam a2200289Ia 4500
005 20260324120947.0
008 008 260324s9999 xx 000 0 eng d
020 _a9780429098000
037 _aEBOOK
040 _aCRL
040 _beng
040 _cCRL
041 _2eng
041 _aeng
084 _qCRL
100 _aPaul Stevenson; Xueliang Li
_91160641
245 0 _aFoam Fractionation
245 0 _bPrinciples and Process Design
260 _bTaylor and Francis
260 _c2014
365 _a
365 _b600
856 _uhttp://www.taylorfrancis.com/books/9780429098000
942 _cEBOOK
999 _c1752456
_d1752456